| 000 | 00875nam a2200205 i 4500 | ||
|---|---|---|---|
| 001 | 15498 | ||
| 003 | ES-MaACL | ||
| 005 | 20230906151107.0 | ||
| 007 | t| | ||
| 008 | 000324s1993 sp ||||1| spa d | ||
| 020 | _a84-87169-56-2 | ||
| 080 | _a316.324.8 | ||
| 100 | 1 |
_aColomer Viadel, Antonio. _939856 |
|
| 245 | 1 | 3 |
_aEl retorno de Ulises a la comunidad de los libres _b: manifiesto de los argonarios : una doble estrategia, iberoamericana y planetaria, de renovada supervivencia / _cAntonio Colomer Viadel. |
| 260 |
_aMadrid : _bEdiciones Madre Tierra : _bInstituto Intercultural para la Autogestión y la Acción Comunal, _c1993. |
||
| 300 |
_a154 p. ; _c20 cm. |
||
| 650 | 1 | 4 |
_aSociedad postindustrial. _917176 |
| 710 | 2 |
_aInstituto Intercultural para la Autogestión y la Acción Comunal. _95095 |
|
| 852 |
_aES-MaACL _jG-2112 _bR.122301 _q. - Ded. autógr. del autor |
||
| 999 |
_c15498 _d15498 |
||